Crónicas de D. Pedro e D. Fernando ; [Primeira parte da Crónica de D. Joao I] / (Record no. 179363)

MARC details
000 -LEADER
campo de control de longitud fija 01094nam a2200277 i 4500
001 - NÚMERO DE CONTROL
campo de control 179363
003 - IDENTIFICADOR DE NÚMERO DE CONTROL
campo de control ES-MaACL
005 - FECHA Y HORA DE LA ÚLTIMA TRANSACCIÓN
campo de control 20250907063132.0
008 - DATOS DE LONGITUD FIJA--INFORMACIÓN GENERAL
campo de control de longitud fija 111110m19211922po |||| | por d
080 ## - NÚMERO DE LA CLASIFICACIÓN DECIMAL UNIVERSAL
Número de la Clasificación Decimal Universal 94(469)"1357/67"
080 ## - NÚMERO DE LA CLASIFICACIÓN DECIMAL UNIVERSAL
Número de la Clasificación Decimal Universal 94(469)"1367/83"
080 ## - NÚMERO DE LA CLASIFICACIÓN DECIMAL UNIVERSAL
Número de la Clasificación Decimal Universal 94(469)"1385/1433"
100 1# - ENTRADA PRINCIPAL--NOMBRE DE PERSONA
Nombre de persona Lopes, Fernão,
Fechas asociadas al nombre ca. 1380-1460
9 (RLIN) 148502
245 10 - MENCIÓN DEL TÍTULO
Título Crónicas de D. Pedro e D. Fernando ; [Primeira parte da Crónica de D. Joao I] /
Mención de responsabilidad, etc. Fernao Lopes.
250 ## - MENCION DE EDICION
Mención de edición 2ª ed.
260 ## - PUBLICACIÓN, DISTRIBUCIÓN, ETC.
Lugar de publicación, distribución, etc. Paris ;
-- Lisboa :
Nombre del editor, distribuidor, etc. Aillaud & Bertrand,
Fecha de publicación, distribución, etc. 1921-1922.
300 ## - DESCRIPCIÓN FÍSICA
Extensión 3 v. ;
Dimensiones 19 cm.
490 1# - MENCIÓN DE SERIE
Mención de serie Antologia portuguesa
505 8# - NOTA DE CONTENIDO CON FORMATO
Nota de contenido con formato Contiene: I: Crónicas de D. Pedro e D. Fernando -- II: Primeira parte da Crónica de D. Joao I --III: Primeira parte da Crónica de D. Joao I
651 #4 - PUNTO DE ACCESO ADICIONAL DE MATERIA--NOMBRE GEOGRÁFICO
Nombre geográfico Portugal-
Subdivisión general Historia-
Subdivisión cronológica 1357-1367, Pedro I.
9 (RLIN) 148503
651 #4 - PUNTO DE ACCESO ADICIONAL DE MATERIA--NOMBRE GEOGRÁFICO
Nombre geográfico Portugal-
Subdivisión general Historia-
Subdivisión cronológica 1367-1383, Fernando I.
9 (RLIN) 148504
651 #4 - PUNTO DE ACCESO ADICIONAL DE MATERIA--NOMBRE GEOGRÁFICO
Nombre geográfico Portugal-
Subdivisión general Historia-
Subdivisión cronológica 1385-1433, Juan I.
9 (RLIN) 148505
830 00 - PUNTO DE ACCESO ADICIONAL DE SERIE-TÍTULO UNIFORME
Título uniforme Antología portuguesa
9 (RLIN) 191079
852 ## - LOCALIZACIÓN
Ubicación ES-MaACL
Número de control de estantería B-11891-93
Holdings
Estatus retirado Estado de pérdida Estado de daño No para préstamo Biblioteca de origen Biblioteca actual Ubicación en estantería Fecha de adquisición Fuente de adquisición Total de préstamos Signatura topográfica completa Código de barras Visto por última vez Precio de reemplazo Tipo de ítem Koha
        Biblioteca del Ateneo de Madrid Biblioteca del Ateneo de Madrid Sala Pardo Bazán 10/11/2011     B-11891-93 1188425 23/02/2023 23/02/2023 Libro impreso